MDQL
is popping MORE tags! Check the
thread
!
Quizzes
Events
Quiz Creation
Community
Videos
Private Events
Remove Ads
Sign In
Join for FREE
Feedback
Dark Mode
Quiz Categories
Sports
Geography
Music
Movies
Television
Just For Fun
Miscellaneous
History
Literature
Language
Science
Gaming
Entertainment
Religion
Holiday
For Kids
Quiz Lab
Recent
Popular Today
Quiz Kudos Today
Editor Picks
Curator Picks
Quizzes by...
Day
Popularity
Type
Ratings
Length
Year
Community
Subscriptions
Recent Discussions
Orange Saloon
Badges
Playlists
Quests
Create
Leaderboards
Showdown
Live 5
Trivia Bingo
Activity
Puzzle Library
Sporcle Events
Private Events
Virtual Trivia
Globe League
Become a Host
Pub Owners
SporcleCon
Opinionation
Our Games
Videos
Blog
Mobile Apps
Partnerships
Remove Ads and Go Orange
Feedback
Sports
Athletes
MLB
NBA
NHL
NFL
Soccer
Sports Teams
WWE
NCAA
Football
Premier League
Basketball
Baseball
Hockey
Golf
Tennis
Cricket
Rugby
Auto Racing
Olympics
World Cup
Sports
Athletes
MLB
NBA
NHL
NFL
Soccer
Sports Teams
WWE
NCAA
Football
Premier League
Basketball
Baseball
Hockey
Golf
Tennis
Cricket
Rugby
Auto Racing
Olympics
World Cup
Random Quiz
Search Sporcle
×
Quiz Lab
Quiz Lab
Sports
team
Type in answers that appear in a list
Type in answers that appear in a list
Classic
Best Score? Go Orange.
Relocated sports teams II Stats
Can you name the relocated sports teams?
By
goodbyehalloween
8m
14 Questions
110 Plays
110 Plays
110 Plays
Comments
Comments
Give Quiz Kudos
Give Quiz Kudos
-
- Ratings
hide this ad
More Info
Forced Order
Answers have to be entered in order
Answers have to be entered in order
Random Order
Randomize order of answers
Randomize order of answers
Replay
Link that replays current quiz
Next Quiz
Link to next quiz in quiz playlist
You Got
0%
They Got
Avg Score
55%
Avg Friend Score
Upgrade to see
Score Distribution
Jump to the score distribution portion of the page
Score
0/14
Timer
08:00
0
Plays Today
current team
% Correct
oakland raiders (played here from 1982-
1995)
los angeles
80%
new orleans hornets (moved from ? in 2002)
charlotte
78.2%
indianapolis coltes (moved from ? in 1984)
baltimore
78.2%
tennessee titans (were known as ? prior to 1997))
houston oilers
72.7%
memphis grizzlies (moved from ? in 2001)
vancouver
70.9%
arizona cardinals (moved from ? in 1987)
st. louis
69.1%
atlanta braves (started in this city)
boston
68.2%
current team
% Correct
atlanta braves (moved from ? in 1966)
milwaukee
65.5%
oakland athletics (moved from ? in 1968)
philadelphia
55.5%
golden state warriors (moved from ? in 1962)
philadelphia
37.3%
atlanta hawks (moved from ? in 1968)
st. louis
36.4%
houston rockets (moved from ? in 1962)
san diego
23.6%
new york yankees (were known as ? prior to 1903)
baltimore orioles
20%
colorado rockies (NHL) (were known as ? prior to 1977))
kansas city scouts
19.1%
Quiz Playlist
Details
Report
Send in Message
Add To Playlist
More Info:
people with nicknames involving the word king...
Classic:
Type in answers that appear in a list
Forced Order:
Answers have to be entered in order
Random Order:
Randomize order of answers
Last Updated: Feb 16, 2017
Quiz Scoreboard
CHALLENGE
Sign Up to Join the Scoreboard
Show All
Scores
Hide
Comments
May contain spoilers
Recently Published
Two Season TV Shows II
by 123Four
Television
10m
Image Sorting: Flags VI
by Barbecue
Geography
2m
Find the 'City' Movie
by crazypaving
Movies
60s
More to Explore
Quiz From the Vault
Featured Blog Post
14 Easter Pick-up Lines to Find Eggs With
hide this ad
You Might Also Like...
Tags
Relocated
team
Today's Top Quizzes in Sports
Browse Sports
hide this ad
Today's Top Quizzes in team
Browse team
Top Contributed Quizzes in Sports
1
Les meilleurs buteurs des matchs entre le PSG et l’OM
2
Les entraîneurs de l'OM et du PSG au 21e siècle
3
2022 World Cup Stars
4
Les joueurs passés par le PSG et l'OM
5
Players with Multiple 50 Home Run Seasons
6
Criteria MLB: Left Handed Sluggers
7
FIFA Club World Cup Champions
8
Les joueurs passés par le LOSC et le RC Lens
9
NBA Logic Puzzle 2.0
10
Top 10 NHL Goal Scorers of All Time
Explore More
Trending Topics
Harry Potter
Disney
Crossword
Marvel
Kpop
NBA
Anime
Puzzle
Pokémon
The Office
NFL
Country
Soccer
WWE
Song
hide this ad
More By:
goodbyehalloween
Quiz
Plays
Rating
Category
Featured
Created
MLB season saves leaders
296
3.25
Sports
Jan 31, 2010
Red Sox players in the Baseball HOF
129
3.00
Sports
Jan 24, 2010
baseball hof - 2+ teams, only 1 number
113
4.67
Sports
Apr 9, 2010
james patterson books
55
Literature
Jan 31, 2010
harlan coban books
5
Literature
Jan 30, 2010
Go to Creator's Profile
Score Distribution
Quiz Creator Spotlight
goodbyehalloween
Follow
Send a Message
Quizzes Created
-
Created Quiz Play Count
-
More By This Creator
Popular Quizzes Today
1
Find the US States - No Outlines Minefield
2
Colored Red Africa Blitz
3
Find the 'City' Movie
4
5x2 Blitz: Bands
5
The Countries of the World
6
Find the Countries of Europe - No Outlines Minefield
7
Find the US States
8
US States
More Sports Quizzes
Football Crest Sorting (UEFA - DEN, FRA, SRB, UKR II)
Quiz Lab
Trending Quizzes
Colored Red Europe Blitz I
Colored Red Africa Blitz II
Colored Red Europe Blitz II
Colored Red Africa Blitz III
Colored Red Europe Blitz III
Recently Updated
How Do You Spell That?
pecheneg
Godzilla Movies
pecheneg
Grab Bag: 4-10 Letters
pecheneg
2024 March Madness Bracket
pecheneg
Famous TV Couples
Peacemaker
Champions League XIs: Real Madrid
pecheneg
Largest US Cities 1790-2010
pecheneg
Rides in Walt Disney World
pecheneg
Most Oscar Losses (Acting)
pecheneg
Beyoncé Albums
pecheneg
Trending Topics
Kpop
Harry Potter
NBA
Anime
Marvel
Disney
Crossword
NFL
Puzzle
Soccer
Song
Pokémon
Country
WWE
The Office
Your Account Isn't Verified!
In order to create a playlist on Sporcle, you need to verify the email address you used during registration. Go to your
Sporcle Settings
to finish the process.
Report this User
Report this user for behavior that violates our
Community Guidelines
.
Details:
Send Report
Go to the Sporcle.com Mobile Site →
Comments